000
00251nam a2200109Ia 4500
008
190216s9999||||xx |||||||||||||| ||und||
100
_a
Raman.Ps
245
0
_a
Prayogiga Resathanthram
260
_b
Bhasha Institute
650
_a
Chemistry
942
_c
BK
999
_c
40007
_d
40007